Verbes en Japonais - Statistiques

Statistiques générales
  • Ce quiz a été pris 343 fois
  • Le résultat moyen est 44 sur 151
Statistiques - réponses
Hint Réponse % Correct
Manger Taberu / Tabemasu
83%
Boire Nomu / Nomimasu
77%
Aller Iku / Ikimasu
76%
Avoir, Être (Vivant) Iru / Imasu
70%
Avoir (objet) Aru / Arimasu
68%
Rencontrer Au / Aimasu
68%
Ecouter, Demander Kiku / Kikimasu
67%
Faire Suru / Shimasu
65%
Rentrer Kaeru / Kaerimasu
63%
Acheter Kau / Kaimasu
63%
Porter (un vêtement) Kiru / Kimasu
62%
Venir Kuru / Kimasu
62%
Regarder Miru / Mimasu
59%
Ecrire, Dessiner Kaku / Kakimasu
58%
Dormir Neru / Nemasu
58%
Donner Ageru / Agemasu
57%
Lire Yomu / Yomimasu
57%
S'amuser Asobu / Asobimasu
54%
Parler Hanasu / Hanashimasu
54%
Avoir besoin de Iru / Irimasu
54%
Couper Kiru / Kirimasu
54%
Mourir Shinu / Shinimasu
54%
Chanter Utau / Utaimasu
54%
Changer, Échanger Kaeru / Kaemasu
52%
Comprendre Wakaru / Wakarimasu
51%
Se lever Okiru / Okimasu
47%
Nager Oyogu / Oyogimasu
47%
Dire Iu / Iimasu
46%
Devenir Naru / Narimasu
46%
Marcher Aruku / Arukimasu
44%
Penser Omou / Omoimasu
44%
Ouvrir Akeru / Akemasu
43%
Connaitre, Savoir Shiru / Shirimasu
41%
Commencer (transitif) Hajimeru / Hajimemasu
39%
Attendre Matsu / Machimasu
39%
Finir Owaru / Owarimasu
39%
Arriver Tsuku / Tsukimasu
39%
Etudier Benkyou suru / Benkyou shimasu
38%
Pouvoir Dekiru / Dekimasu
38%
Sortir Deru / Demasu
38%
Se marier Kekkon suru / Kekkon shimasu
38%
Travailler Hataraku / Hatarakimasu
37%
Monter dans un véhicule Noru / Norimasu
37%
Habiter Sumu / Sumimasu
37%
Utiliser Tsukau / Tsukaimasu
37%
Oublier Wasureru / Wasuremasu
37%
Faire de son mieux Ganbaru / Ganbarimasu
36%
Arrêter Yameru / Yamemasu
36%
Laver Arau / Araimasu
35%
Courir Hashiru / Hashirimasu
35%
Poser Oku / Okimasu
35%
Enseigner Oshieru / Oshiemasu
35%
Prendre (une douche) Abiru / Abimasu
34%
Manger, Boire, Recevoir (poli) Itadaku / Itadakimasu
34%
Rire Warau / Waraimasu
34%
Se dépêcher Isogu / Isogimasu
33%
Créer / Fabriquer Tsukuru / Tsukurimasu
33%
S'asseoir Suwaru / Suwarimasu
32%
S'arrêter Tomaru / Tomarimasu
32%
Prendre Toru / Torimasu
32%
Insérer Ireru / Iremasu
31%
S'ouvrir Aku / Akimasu
30%
Gagner Katsu / Kachimasu
30%
Jouer (d'un instrument) | Tirer Hiku / Hikimasu
29%
Réfléchir Kangaeru / Kangaemasu
29%
Apprendre Narau / Naraimasu
29%
Se reposer Yasumu / Yasumimasu
29%
Fermer Shimeru / Shimemasu
28%
Tomber, Pleuvoir Furu / Furimasu
27%
Entrer, Pénétrer Hairu / Hairimasu
27%
Prêter Kasu / Kashimasu
27%
Pleurer Naku / Nakimasu
27%
S'échapper, S'enfuir Nigeru / Nigemasu
27%
Naître Umareru / Umaremasu
27%
Vendre Uru / Urimasu
27%
Recevoir Morau / Moraimasu
26%
Se rappeler, mémoriser Oboeru / Oboemasu
26%
Chercher Sagasu / Sagashimasu
26%
Fumer, Aspirer Suu / Suimasu
26%
Appeler (au telephone) | Porter (des lunettes) Kakeru / Kakemasu
25%
Pousser Osu / Oshimasu
25%
Se promener Sanpo suru / Sanpo shimasu
25%
Commencer (intransitif) Hajimaru / Hajimarimasu
24%
Payer Harau / Haraimasu
24%
Rendre, Rembourser Kaesu / Kaeshimasu
23%
Choisir Erabu / Erabimasu
22%
Porter Motsu / Mochimasu
22%
Être différent Chigau / Chigaimasu
21%
Eteindre Kesu / Keshimasu
21%
Répondre Kotaeru / Kotaemasu
21%
Être en colère Okoru / Okorimasu
21%
Envoyer, Expédier Okuru / Okurimasu
21%
Voyager Ryokou suru / Ryokou shimasu
21%
Descendre d'un véhicule Oriru / Orimasu
20%
Voler, S'envoler, Bondir Tobu / Tobimasu
20%
Appeler Yobu / Yobimasu
20%
Aider Tetsudau / Tetsudaimasu
19%
Arrêter Tomeru / Tomemasu
19%
Se fatiguer Tsukareru / Tsukaremasu
19%
Emprunter Kariru / Karimasu
18%
Apprendre Manabu / Manabimasu
18%
Montrer Miseru / Misemasu
18%
Toucher Sawaru / Sawarimasu
18%
Se fermer Shimaru / Shimarimasu
18%
Collectionner, Rassembler Atsumeru /Atsumemasu
17%
Sortir Dekakeru / Dekakemasu
17%
S'éclaircir, S'ensoleillé Hareru / Haremasu
17%
Envoyer (une lettre), Retirer Dasu / Dashimasu
16%
Donner (à moi) Kureru / Kuremasu
16%
Escalader Noboru / Noborimasu
16%
Se déshabiller Nugu / Nugimasu
16%
Poser une question Shitsumon suru / Shitsumon shimasu
16%
Souffler (vent) Fuku / Fukimasu
15%
Prendre (du temps) Kakaru / Kakarimasu
15%
Disparaitre, s'éteindre, s'effacer Kieru / Kiemasu
15%
Jeter Suteru / Sutemasu
14%
Porter (des chaussures) Haku / Hakimasu
13%
Tourner (intransitif) Magaru / Magarimasu
13%
Perdre, Être vaincu Makeru / Makemasu
13%
Perdre Nakusu / Nakushimasu
13%
Être en retard Okureru / Okuremasu
13%
Faire la lessive Sentaku suru / Sentaku shimasu
13%
Faire le ménage Souji suru / Souji shimasu
13%
Demander Tanomu / Tanomimasu
13%
Allumer Tsukeru / Tsukemasu
13%
Amener (qqn) Tsurete iku / Tsurete ikimasu
13%
Faire Yaru / Yarimasu
12%
Emporter Motte iku / Motte ikimasu
10%
Emmener (qqn) Tsurete kuru / Tsurete kimasu
10%
Traverser Wataru / Watarimasu
10%
Se mettre debout Datsu / Dachimasu
9%
Faire attention Kiwotsukeru / kiwotsukemasu
9%
Apporter Motte kuru / Motte kimasu
9%
Porter (un chapeau) Kaburu / Kaburimasu
8%
Réparer,Corriger Naosu / Naoshimasu
8%
Se mettre en rang, Faire la queue Narabu / Narabimasu
8%
Changer (de véhicule) Norikaeru / Norikaemasu
8%
Faire des exercices, s'entrainer Renshuu suru / Renshuu shimasu
8%
Chercher, Examiner Shiraberu / Shirabemasu
8%
Suffire Tariru / Tarimasu
7%
S'aligner Naraberu / Narabemasu
6%
Déménager Hikkosu / Hikkoshimasu
5%
Faire une visite Kengaku suru / Kengaku shimasu
5%
Revenir, Retourner Modoru / Modorimasu
5%
Faire une pause Kyukei suru / Kyukei shimasu
4%
Tourner (transitif) Mawasu / Mawashimasu
4%
Faire des études à l'étranger Ryuugaku suru / Ryuugaku shimasu
4%
Accueillir Mukaeru / Mukaemasu
3%
Être utile, Servir à Yakunitatsu / Yakunitachimasu
1%
Aucun quiz correspondant
Distribution des résultats
% des personnes avec chaque résultat
Percentile par nombre de réponses
Votre historique - résultats
Vous n’avez pas pris ce quiz